000 01444cam a22004574i 4500
003 PE-LiUPU
005 20250731173540.0
008 150616s r 000 0 d
020 _a0824511840
035 _a(Sirsi) i9780824511845
040 _aPE-LiUPU
_bspa
_cPE-LiUPU
_erda
049 _aPRUA
082 0 4 _a248.4
_bN85
_221
100 1 _aNouwen, Henri J.M.,
_eautor.
245 1 0 _aLife of the Beloved.
264 1 _aNew York :
_bCrossroad,
_c1996.
300 _a119 páginas ;
_c21 centímetros
336 _atext
_2rdacontent
337 _aunmediated
_2rdamedia
338 _avolume
_2rdacarrier
505 0 _aBeing the beloved.- Becoming the beloved.- Living as the beloved.
526 _aSEG42
526 _aSEG41
526 _aSEG40
526 _aSEG39
526 _aP94
526 _aP87
526 _aP86
526 _aP85
526 _aP77
526 _aP76
526 _aP35
650 0 4 _aVIDA CRISTIANA
_bMUNDO SECULAR.
910 _ajck
_bjvq
_cjck
942 _2ddc
_cBOOK
949 _a248.4 N85
_wDEWEY
_c1
_i42568
_lCCODEBUL1
_mBUL
_r0
_sY
_tBOOK
_u2015-6-16
_xTEOLOGIA
_zUNKNOWN
_0COMPRA
_o.STAFF. Colección General
994 _aC0
_bPEPRU
596 _a1
999 _a248.4 N85
_wDEWEY
_c60400
_i42568
_f2021-11-10
_g5
_lCCODEBUL1
_mBUL
_r0
_sY
_tBOOK
_u2015-6-16
_xTEOLOGIA
_zUNKNOWN
_0COMPRA
_o.STAFF. Colección General
_d60400
980 _81
_gALBERTO SANCHEZ Responsable de Automatización